000 00435nam a2200181Ia 4500
001 23446
005 20260414150937.0
008 260414t2012||||xx |||||||||||||| ||spa||
041 _aESP
082 _a650.01513
_bG23
100 _aGarcía Boza, Juan (coord.)
_eAUT
245 0 _aMatemáticas financieras
_b
260 _c2012
300 _a726 páginas :
_c24 cm.
650 _aGEN
654 _aCCO
942 _cLIB
_dJUS
_fJUS
_2ddc
_n
999 _c23446
_d23446